000 00627nam a22002297a 4500
003 UA-OsUOA
001 41143
007 ta
008 20060918b un ||||| |||| 00| 0 ukr d
100 _aПетльований В.
090 _a821.161.2
_bП29
942 _cBK
040 _aUA-OsUOA
_bukr
_cUA-OsUOA
_dUA-OsUOA
245 _aДалекий друг
_bОповідання
300 _a321 с.
955 _a3
041 _aukr
080 _a821.161.2
260 _aК.
_bХудожня література
_c1957
650 7 _a82 Література. Літературознавство
_2UDC
999 _c327281
_d327281